ABOUT THE MAXIMUM AND THE MINIMUM OF DARBOUX FUNCTIONS

Bibliographic Details
Main Author: Farková, Jana (Author)
Format: Article
Language:English

MARC

LEADER 00000nab a2200000uu 4500
001 vtls010891984
003 SK-MaSNL
005 20260303142007.0
008 230222|1971 xo |||||||||||||||||eng|
015 |a SNBRB 
035 |a (urnnbn)urn:nbn:sk:snk:ar-0065v6 
035 |a (uuid)58a2e64a-195b-422e-b30a-44f3b4973346 
035 |a urn:nbn:sk:snk-ab8ln4 
040 |a SNKBUCL  |b slo  |c SNKBUCL  |e AACR2 
041 0 |a eng 
044 |a xo  |c SK 
100 1 |a Farková, Jana  |4 aut  |9 1161884 
245 1 0 |a ABOUT THE MAXIMUM AND THE MINIMUM OF DARBOUX FUNCTIONS  |c Jana Farková 
773 0 |t Matematický časopis  |g Roč. 21, č. 2 (1971), s. 110-116 
958 |a OND 
958 |a EUIPO 
958 |a article10 
999 |c 1980021  |d 1981951